NELLA VESTIZIONE DI S. GIOCONDA DOMENICA AL SECOLO GIROLAMA BERRUTI NEL MONASTERO DOMENICANO, ALBA 1889. (Record n. 303549)
[ formato base ]
| 000 -LEADER | |
|---|---|
| fixed length control field | 00996nam a2200229Ia 4500 |
| 001 - CONTROL NUMBER | |
| control field | L959-44606 |
| 003 - CONTROL NUMBER IDENTIFIER | |
| control field | IT-CnALBA |
| 008 - FIXED-LENGTH DATA ELEMENTS--GENERAL INFORMATION | |
| fixed length control field | 170116s9999||||xx |||||||||||||| ||und|| |
| 040 ## - CATALOGING SOURCE | |
| Original cataloging agency | IT-CnALBA |
| Transcribing agency | IT-CnALBA |
| 041 ## - LANGUAGE CODE | |
| Language code of text/sound track or separate title | ITALIANO |
| 999 ## - SYSTEM CONTROL NUMBERS (KOHA) | |
| Koha Dewey Subclass [OBSOLETE] | SI |
| 100 ## - MAIN ENTRY--PERSONAL NAME | |
| Personal name | BORGOGNO CARLO, SEGRETARIO |
| 245 #0 - TITLE STATEMENT | |
| Title | NELLA VESTIZIONE DI S. GIOCONDA DOMENICA AL SECOLO GIROLAMA BERRUTI NEL MONASTERO DOMENICANO, ALBA 1889. |
| 250 ## - EDITION STATEMENT | |
| Edition statement | 1a ed. |
| 260 ## - PUBLICATION, DISTRIBUTION, ETC. (IMPRINT) | |
| Place of publication, distribution, etc. | ALESSANDRIA |
| Name of publisher, distributor, etc. | JACQUEMOD G. TIPOGRAFIA |
| Date of publication, distribution, etc. | 1889 [1° Ed.:1889 - Ed.Ling.Originale: 1889] |
| 300 ## - PHYSICAL DESCRIPTION | |
| Extent | 17 p. |
| 500 ## - GENERAL NOTE | |
| General note | DISCORSO DI CIRCOSTANZA DEL CANONICO BORGOGNO CARLO CANONICO E SEGRETARIO. PRESENTAZIONE DEL VESCOVO GIOCONDO P. |
| 501 ## - WITH NOTE | |
| With note | Società San Paolo EM - Piazza San Paolo, 14 - 12051 ALBA (CN) (non commercial uses only) ® Copyright 2017 |
| 520 ## - SUMMARY, ETC. | |
| Summary, etc. | DISCORSO DI CIRCOSTANZA DEL CANONICO BORGOGNO CARLO CANONICO E SEGRETARIO. PRESENTAZIONE DEL VESCOVO GIOCONDO P. |
| 650 ## - SUBJECT ADDED ENTRY--TOPICAL TERM | |
| Topical term or geographic name as entry element | ALBA E CIRCONDARIO |
| 942 ## - ADDED ENTRY ELEMENTS (KOHA) | |
| Koha item type | LIBRO |
| 957 ## - | |
| -- | 1 |
| 999 ## - SYSTEM CONTROL NUMBERS (KOHA) | |
| -- | Copie: 1 |
| Withdrawn status | Lost status | Damaged status | Not for loan | Home library | Current library | Date acquired | Total Checkouts | Full call number | Date last seen | Price effective from | Koha item type | Public note |
|---|---|---|---|---|---|---|---|---|---|---|---|---|
| Buone Condizioni | Not For Loan | ALBA - Biblioteca | ALBA - Biblioteca | 16/01/2017 | L959-44606 | 16/01/2017 | 16/01/2017 | LIBRO | (data import: 16 gennaio 2017) - By Epidotti, Vaglietti. |